LEADER 01181nam a2200205 i 4500 001 000000154955 003 CaOOAMICUS 005 20061030000000.0 008 061030s1932 it u000 u ita u 013 $a132304 040 $aSeMil$bita 100 1 $aRondini, Adele.$0(OLS)http://semarc/name/60608 245 10$aNuovissima guida illustrata di Siena e dei suoi dintorni e di :$bS. Gimignano, S. Galgano, Monte Oliveto Maggiore, Montalcino, Sant'Antimo, Pienza, Montepulciano e altre località del territorio senese /$cA. Rondini. 260 $aSancasciano Val di Pesa (Firenze) :$bSocietà editrice toscana,$c1932. 300 $a377 p. :$bill. ;$c16 cm. 650 4$aSiena.$0(OLS)http://semarc/subject/12101 850 $aSeMil 852 $aSeMil$W1$xVenegono$y1$m4Y II 3$j106806$B106806$CSeMilBibl$Z2$F116067 $81 996 $6245$aNuovissima guida illustrata di Siena e dei suoi dintorni e di :$bS. Gimignano, S. Galgano, Monte Oliveto Maggiore, Montalcino, Sant'Antimo, Pienza, Montepulciano e altre località del territorio senese$9(OLS)http://semarc/title/226868 996 $6260$aSancasciano Val di Pesa (Firenze) :$bSocietà editrice toscana$9(OLS)http://semarc/publisher/34819 LEADER 00788naa a2200157 i 4500 001 000000294740 003 CaOOAMICUS 005 20180831172512.0 008 180831n xx u000 u und u 013 $a2017 040 $aSeMil$bita 100 1 $aBlangiardo, Gian Carlo.$0(OLS)http://semarc/name/21961 245 13$aIl problema della denatalità in Italia :$bintensità, conseguenze, proposte di intervento. 650 4$aFamiglia - Studi.$0(OLS)http://semarc/subject/5647 773 0 $aBlangiardo, Gian Carlo$tSecondo rapporto sulla famiglia in Italia.$dCinisello Balsamo : Edizioni Paoline, copyr. 1991.$kFamiglia nel mondo contemporaneo$z88-215-2157-5$w()44159 996 $6245$aIl problema della denatalità in Italia :$bintensità, conseguenze, proposte di intervento$9(OLS)http://semarc/title/370809